000 00997nam a22002537a 4500
999 _c20276
_d20276
003 AR-CdUCM
008 190404b ||||| |||| 00| 0 spa d
040 _aMUNICIPALIDAD PROVINCIAL DEL CUSCO
_cBIBLIOTECA MUNICIPAL DEL CUSCO
082 _a901 /
_bAY94
100 _aAymard, André
_942375
245 _aOriente y Grecia antigua /
260 _aBarcelona :
_bDestino,
_c1963
300 _a776 paginas
_c25 cm.
_bFotografias, imagenes
440 _aHistoria general de las civilizaciones
_942376
505 _aContenido : Hacia una nueva historia de la humanidad -- Historia general de las civilizaciones -- Raza, cultura y civilizacion -- Civilizaciones imperiales del próximo Oriente...
650 _aAntigua Grecia
_927504
650 _aHistoria universal
_91423
650 _aCivilizaciones imperiales
_942377
650 _aCivilización Helenística
_942378
700 _aAuboyer, Jeannine
_931582
700 _aRipoll Perelló, Eduardo
_915212
942 _2ddc
_cLIBROS
945 _arcc